A history of Ladâkh, Gilgit, Baltistan / (Record no. 28821)

MARC details
000 -LEADER
fixed length control field 01012nam a2200253 a 4500
005 - DATE AND TIME OF LATEST TRANSACTION
control field 2009080104574.0
008 - FIXED-LENGTH DATA ELEMENTS--GENERAL INFORMATION
fixed length control field 080719s2008 ii b b 001 0 eng
010 ## - LCCN (DPL NO)
LC control number ENG-94600
020 ## - INTERNATIONAL STANDARD BOOK NUMBER
International Standard Book Number 9788170493143
Terms of availability 295.00
035 ## - SYSTEM CONTROL NUMBER
System control number EN-78133
037 ## - SOURCE OF ACQUISITION
Source of stock number/acquisition DBAD / PUB
040 ## - CATALOGING SOURCE
Original cataloging agency dpl
Language of cataloging English
082 ## - DEWEY DECIMAL CLASSIFICATION NUMBER
Classification number 954.11
100 ## - MAIN ENTRY--PERSONAL NAME
Personal name Dewan, Parvez
245 ## - TITLE STATEMENT
Title A history of Ladâkh, Gilgit, Baltistan /
Statement of responsibility, etc by Parvéz Dewân
246 ## - VARYING FORM OF TITLE
Title proper/short title Ladâkh, Gilgit, Baltistan
246 ## - VARYING FORM OF TITLE
Title proper/short title Parvez Dewan's a history of Ladâkh, Gilgit, Baltistan
260 ## - PUBLICATION, DISTRIBUTION, ETC. (IMPRINT)
Place of publication, distribution, etc New Delhi
Name of publisher, distributor, etc Manas Publications
Date of publication, distribution, etc 2008
270 ## - ADDRESS
Address B1/I-1 Mohan Cooperative Industrial Area, Mathura Road,
City New Delhi
Postal code 110044
300 ## - PHYSICAL DESCRIPTION
Extent 197 p. :
Other physical details maps ;
Dimensions 25cm(pbk)
500 ## - GENERAL NOTE
General note Includes bibliographical references and index
942 ## - ADDED ENTRY ELEMENTS (KOHA)
Source of classification or shelving scheme Dewey Decimal Classification
Item type English Books
Classification part 954.11
Call number suffix DEW
Holdings
Withdrawn status Lost status Source of classification or shelving scheme Damaged status Not for loan Collection code Home library Current library Date acquired Source of acquisition Cost, normal purchase price Total Checkouts Full call number Barcode Date last seen Copy number Cost, replacement price Koha item type
    Dewey Decimal Classification   Not For Loan Non-fiction D.B.Act.Division D.B.Act.Division 01/08/2009 DBAD / PUB 295.00   954.11 DEW EN-78133 01/08/2009 1 295.00 English Books

© Delhi Public Library
Hit Counter
free hit counter